| 000 | 00731nam a2200121Ia 4500 | ||
|---|---|---|---|
| 008 | 220620s9999||||xx |||||||||||||| ||und|| | ||
| 245 | 0 |
_aIn His Milieu _bEssays on Netherlandish Art in Memory of John Michael Montias |
|
| 546 | _aEnglish[eng] | ||
| 650 | _awetenschap algemeen||kunstgeschiedenis||popular science||Amsterdam||Johannes Vermeer||Peter Paul Rubens||Rembrandt | ||
| 700 | _aMochizuki, Mia M.||Golahny, A.||Vergara, L. | ||
| 856 | _uhttps://library.oapen.org/bitstream/20.500.12657/33911/1/444102.pdf||https://library.oapen.org/bitstream/20.500.12657/33911/1/444102.pdf||https://library.oapen.org/bitstream/20.500.12657/33911/1/444102.pdf||https://library.oapen.org/bitstream/20.500.12657/33911/1/444102.pdf | ||
| 942 | _cEB | ||
| 999 |
_c26747 _d26747 |
||